| 000 | 00607nam a2200193Ia 4500 | ||
|---|---|---|---|
| 003 | IN-BaIIA | ||
| 008 | 211028s9999 xx 000 0 eng d | ||
| 020 | _a0-393-01921-7 | ||
| 040 | _cIIA Library | ||
| 080 |
_a92:53 _bFEY |
||
| 100 | _aFeynman, Richard P | ||
| 245 | 0 |
_aSurely you're joking Mr. Feynman _badventures of a curious character _cRichard P Feynman |
|
| 260 |
_aNew York _bW. W Norton _c1985 |
||
| 300 | _a350p. | ||
| 650 |
_aBiography - Richard Feynman _915196 |
||
| 650 | _aNASA thesaurus | ||
| 650 |
_aRichard Feynman Biography _915197 |
||
| 942 | _cBK | ||
| 999 |
_c9039 _d9039 |
||